00598 2200193 4500001002100000005001800021008004100039035002400080090001800104100001200122245002400134260010400158300003500262650004000297700002200337850001500359999001500374999001500389YOGYA-0111000000157920110129075722274 ind  0010-011100000001579 aDEP 717 POL P aPOLIMAN aPeninggalan sejarah aYogyakartabDepdikbud Pusat Penelitian Sejarah dan Budaya Balai Penelitian Sejarah dan Budayac1979 a75 hlm.: ilus.; 21 cm ( 2 eks) aBangunan- pelestarian dan pemugaran aSukarmin, tashadi aYOPDYOG[B] aD000000721 aD000000722